| 000 | 004730000a22001810004500 | ||
|---|---|---|---|
| 003 | MACL | ||
| 005 | 20160123135616.0 | ||
| 008 | 160123b xxu||||| |||| 00| 0 eng d | ||
| 040 |
_aMACL _cMACL |
||
| 041 | _aEnglish | ||
| 082 | _a669.142/NAY | ||
| 100 |
_aNayar, Alok _934302 |
||
| 245 | _aThe Steel Handbook | ||
| 260 |
_bTata McGraw Hill Publishing Com Ltd _c2002 _aNew Delhi |
||
| 350 | _a2500 | ||
| 650 |
_aChemical Engineering _96967 |
||
| 942 |
_cBK _k669.142/NAY _2ddc |
||
| 999 |
_c31687 _d31687 |
||